La cuestión agraria y el movimiento campesino en Colombia: luchas de la Asociación nacional de usuarios campesinos ANUC 1967-1981
Salvato in:
| Autore principale: | |
|---|---|
| Natura: | Libro |
| Lingua: | spagnolo |
| Pubblicazione: |
Ginebra
Instituto de investigaciones de las Naciones Unidas para el desarrollo social
1987
|
| Soggetti: | |
| Tags: |
Aggiungi Tag
Nessun Tag, puoi essere il primo ad aggiungerne!!
|
MARC
| LEADER | 00000nam a2200000 a 4500 | ||
|---|---|---|---|
| 001 | UCO3745 | ||
| 003 | CL-VaPUC | ||
| 008 | 000720e19870000SZ |||||||||||||||||spa|d | ||
| 082 | 0 | 4 | |a 333.31861 |b ZAM |2 21 |
| 100 | 0 | |a Zamosc, León |e author |9 447637 | |
| 245 | 1 | 3 | |a La cuestión agraria y el movimiento campesino en Colombia: luchas de la Asociación nacional de usuarios campesinos ANUC 1967-1981 |
| 300 | |a 437 p | ||
| 942 | |c BK | ||
| 945 | |d 20000720 00:00:00 |a crobeson | ||
| 260 | |a Ginebra |b Instituto de investigaciones de las Naciones Unidas para el desarrollo social |c 1987 | ||
| 600 | 0 | 7 | |a ASOCIACION NACIONAL DE USUARIOS CAMPESINOS |2 CL-VaPUC |9 447638 |
| 650 | 0 | |a REFORMA AGRARIA |9 256789 | |
| 650 | 7 | |a CAMPESINOS |2 CL-VaPUC |9 315355 | |
| 650 | 0 | |a Movimiento obrero |9 322899 | |
| 651 | 0 | |a Colombia |9 256424 | |
| 583 | |a last modification |c 20000720 00:00:00 |k Rodrigo Vera | ||
| 999 | |c 289877 |d 289875 | ||
| 952 | |0 0 |1 0 |4 0 |6 333_318610000000000_ZAM_1987 |7 0 |8 A |9 338781 |a BIBHIS |b BIBHIS |d 2019-11-20 |i 1200283 |o 333.31861 ZAM 1987 |p 1200283 |r 2025-01-20 |w 2019-11-20 |y BK |k HIS | ||